000 00942nam a22002777a 4500
003 DO-SdBNP
005 20260120073951.0
007 ta
008 210621e2021 dr aco|er|||| 001 0 spa d
020 _a9789945926811
040 _aDO-SdBNP
_bspa
_cBNPHU
041 _hspa
082 4 _a248.4
_bL865L
_222
100 1 _aLora Méndez, Guadalupe de
_978940
245 1 3 _aLucas Lafleur, MSC "intérprete de la vida desde el corazón de Dios :
_b60 años de recorrido misionero /
_cGuadalupe de Lora Méndez.
260 _aSanto Domingo :
_bEdiciones msc,
_c2021.
300 _a449 p.:
_bil., retrs.;
_c23 cm.
500 _aIncluye anexos.
500 _aIncluye referencias bibliográficas y notas al pie de las páginas
590 _aInventariado 2021 / MF
600 1 4 _aLafleur, Lucas
_d1934-
_979662
650 0 _aVida espiritual
_9268
650 0 _aVida cristiana
_9668
910 _aValidado. Control de calidad MFF
942 _2ddc
_cLBS1
999 _c49970
_d49970